Differential equations / (Record no. 12004)

MARC details
000 -LEADER
fixed length control field 00911nam a22002651i 4500
001 - CONTROL NUMBER
control field 3113586
003 - CONTROL NUMBER IDENTIFIER
control field EG-ScBUE
005 - DATE AND TIME OF LATEST TRANSACTION
control field 20241015093533.0
008 - FIXED-LENGTH DATA ELEMENTS--GENERAL INFORMATION
fixed length control field 840711t1964 maua f b 001 0 eng d
040 ## - CATALOGING SOURCE
Original cataloging agency DLC/ICU
Language of cataloging eng
Description conventions rda
Transcribing agency ICU
Modifying agency DLC
-- EG-ScBUE
082 04 - DEWEY DECIMAL CLASSIFICATION NUMBER
Classification number 515.35
Edition number 22
Item number ROS
100 1# - MAIN ENTRY--PERSONAL NAME
9 (RLIN) 6823
Personal name Ross, Shepley L.,
Relator term author.
245 10 - TITLE STATEMENT
Title Differential equations /
Statement of responsibility, etc Shepley L. Ross, University of New Hampshire.
264 #1 - PUBLICATION, DISTRIBUTION, ETC. (IMPRINT)
Place of publication, distribution, etc Waltham, Massachusetts :
Name of publisher, distributor, etc Blaisdell Publishing Company,
Date of publication, distribution, etc [1964]
264 #4 - PUBLICATION, DISTRIBUTION, ETC. (IMPRINT)
Date of publication, distribution, etc c1964
300 ## - PHYSICAL DESCRIPTION
Extent xi, 587 pages :
Other physical details illustrations ;
Dimensions 26 cm.
336 ## - CONTENT TYPE
Source rdacontent
Content type term text
Content type code txt
337 ## - MEDIA TYPE
Media type term unmediated
Source rdamedia
Media type code n
338 ## - CARRIER TYPE
Carrier type term volume
Carrier type code nc
Source rdacarrier
490 0# - SERIES STATEMENT
Series statement Blaisdell book in pure and applied mathematics
504 ## - BIBLIOGRAPHY, ETC. NOTE
Bibliography, etc Includes bibliographical references and index.<br/>
650 #7 - SUBJECT ADDED ENTRY--TOPICAL TERM
Topical term or geographic name as entry element Differential equations.
Source of heading or term BUEsh
9 (RLIN) 6825
655 ## - INDEX TERM--GENRE/FORM
Form subdivision Reading book
942 ## - ADDED ENTRY ELEMENTS (KOHA)
Source of classification or shelving scheme Dewey Decimal Classification
Koha item type Book - Borrowing
Holdings
Withdrawn status Lost status Source of classification or shelving scheme Damaged status Not for loan Collection code Home library Current library Shelving location Date acquired Source of acquisition Cost, normal purchase price Total Checkouts Full call number Barcode Date last seen Price effective from Koha item type
    Dewey Decimal Classification     Alef-Baa Central Library Central Library First floor 24/06/2009 Purchase 150.00   515.35 ROS 000016997 15/07/2025 24/06/2009 Book - Borrowing